[Event "Russian Championship G13 1st league 2016"]
[Site "Loo"]
[Date "2016.04.23"]
[Round "4.28"]
[White "Starostina, Alexandra"]
[Black "Arefieva, Olga"]
[Result "1-0"]
[WhiteElo "1345"]
[BlackElo "1492"]
[PlyCount "58"]
[EventDate "2016.04.20"]

1. e4 c5 2. Nf3 d6 3. c3 Nf6 4. Bd3 g6 5. Bc2 Bg7 6. O-O O-O 7. d4 cxd4 8. cxd4
Nc6 9. h3 Bd7 10. Nc3 Rc8 11. Be3 a6 12. Rc1 Na5 13. Nd2 Qb6 14. Rb1 Qc7 15.
Bd3 Nc6 16. Nf3 Nb4 17. Be2 Qa5 18. a3 Nc6 19. Rc1 Qd8 20. Qd2 Re8 21. Bh6 Na5
22. Qe3 Qb6 23. Bxg7 Kxg7 24. Rb1 e5 25. dxe5 Qxe3 26. exf6+ Kxf6 27. fxe3 Nc4
28. Nd2+ Kg7 29. Bxc4 Re6 1-0

[Event "Russian Championship G13 1st league 2016"]
[Site "Loo"]
[Date "2016.04.23"]
[Round "4.29"]
[White "Surkova, Ekaterina"]
[Black "Kulagina, Karina"]
[Result "1/2-1/2"]
[WhiteElo "1482"]
[BlackElo "1244"]
[PlyCount "64"]
[EventDate "2016.04.20"]

1. e4 e5 2. Nf3 Nc6 3. Nc3 Nf6 4. d4 exd4 5. Nxd4 Nxd4 6. Qxd4 Be7 7. Bc4 d6 8.
O-O Bd7 9. Bf4 O-O 10. Rfe1 Re8 11. h3 a6 12. a4 Bc6 13. Qd3 Qd7 14. Bb3 Rf8
15. Rad1 Qc8 16. Nd5 Bxd5 17. exd5 Re8 18. Bg5 h6 19. Bxf6 Bxf6 20. c3 Qd7 21.
Bc2 g6 22. Qd2 Bg5 23. Qd4 Rxe1+ 24. Rxe1 Re8 25. Rxe8+ Qxe8 26. Qe4 Qxe4 27.
Bxe4 Bc1 28. b3 Kg7 29. Kf1 Kf6 30. Ke2 Ke5 31. Kd3 Bb2 32. Bf3 Bc1 1/2-1/2

[Event "Russian Championship G13 1st league 2016"]
[Site "Loo"]
[Date "2016.04.23"]
[Round "4.31"]
[White "Sych, Alina"]
[Black "Lashkova, Ekaterina"]
[Result "1-0"]
[WhiteElo "1442"]
[BlackElo "1302"]
[PlyCount "49"]
[EventDate "2016.04.20"]

1. e4 d5 2. exd5 Qxd5 3. Nc3 Qd8 4. d4 Nf6 5. Nf3 Bg4 6. Be2 e6 7. h3 Bh5 8. g4
Bg6 9. Ne5 Ne4 10. Nxe4 Bxe4 11. Bf3 Qd5 12. c4 Bxf3 13. Qa4+ b5 14. cxd5 bxa4
15. Nxf3 exd5 16. O-O Be7 17. Bf4 Na6 18. Rfe1 f6 19. Re6 Nb8 20. Rae1 Kf8 21.
Rxe7 Na6 22. R1e6 Nb4 23. Rxc7 h6 24. Bd6+ Kg8 25. Bxb4 1-0

[Event "Russian Championship G13 1st league 2016"]
[Site "Loo"]
[Date "2016.04.23"]
[Round "4.32"]
[White "Makarenko, Elizaveta"]
[Black "Pichnenko, Nina"]
[Result "0-1"]
[WhiteElo "1226"]
[BlackElo "1439"]
[PlyCount "83"]
[EventDate "2016.04.20"]

1. c4 Nf6 2. Nf3 g6 3. g3 Bg7 4. Bg2 d6 5. d3 Bg4 6. O-O Nc6 7. Nc3 O-O 8. Be3
e5 9. Qc2 Qd7 10. Bh6 Nh5 11. Nd5 f6 12. Bxg7 Nxg7 13. b4 Ne7 14. Nxe7+ Qxe7
15. h3 Be6 16. Rac1 Qd7 17. Kh2 c6 18. Qb2 Nf5 19. e4 Ne7 20. Rfd1 Rfc8 21. d4
Qc7 22. d5 Bd7 23. c5 cxd5 24. exd5 Qb8 25. a3 Rd8 26. Qe2 Ba4 27. Rd2 dxc5 28.
Rxc5 b6 29. d6 Rxd6 30. Qc4+ Kh8 31. Rxd6 Qxd6 32. Rc7 Bb5 33. Qxb5 Qxc7 34.
Nd2 Rd8 35. Ne4 Kg7 36. Qe2 Nd5 37. Qf3 Qf7 38. Qb3 Ne7 39. Qf3 Nf5 40. Qe2 Qb3
41. g4 Ne7 42. g5 0-1

[Event "Russian Championship G13 1st league 2016"]
[Site "Loo"]
[Date "2016.04.23"]
[Round "4.33"]
[White "Shadrukhina, Yuliya"]
[Black "Nasonova, Elizaveta"]
[Result "0-1"]
[WhiteElo "1086"]
[BlackElo "1410"]
[PlyCount "104"]
[EventDate "2016.04.20"]

1. f4 d5 2. Nf3 e6 3. b3 Nf6 4. Bb2 Be7 5. e3 O-O 6. Be2 Bd7 7. O-O Nc6 8. Ne5
Be8 9. d3 Bd6 10. Nd2 Bxe5 11. fxe5 Nd7 12. Ba3 Ne7 13. d4 f6 14. Nf3 fxe5 15.
Nxe5 Nxe5 16. Rxf8+ Kxf8 17. dxe5 Kg8 18. e4 Nc6 19. Qf1 Bg6 20. Rd1 Nxe5 21.
exd5 exd5 22. c4 c6 23. Bf3 Nxf3+ 24. Qxf3 Be4 25. Qh3 Qb6+ 26. Kh1 dxc4 27.
Qe6+ Kh8 28. Qxe4 cxb3 29. Qb4 Qxb4 30. Bxb4 bxa2 31. Ra1 Rd8 32. h3 Rd4 33.
Bc5 Ra4 34. Kh2 h6 35. Kg3 b5 36. Kf2 b4 37. Bxb4 Rxb4 38. Rxa2 Rb7 39. Ke3 Rd7
40. Rc2 Rc7 41. Kd4 a5 42. Ra2 Rd7+ 43. Kc5 Rf7 44. Kxc6 Rf6+ 45. Kb5 Rf7 46.
Re2 Rf5+ 47. Ka4 Kh7 48. g4 Rf3 49. Rh2 Kg6 50. Kxa5 Kg5 51. Kb4 Kh4 52. Kc4
Rxh3 0-1

[Event "Russian Championship G13 1st league 2016"]
[Site "Loo"]
[Date "2016.04.23"]
[Round "4.37"]
[White "Oreshkina, Natalia"]
[Black "Senkovskaya, Irina"]
[Result "0-1"]
[WhiteElo "1513"]
[BlackElo "1293"]
[PlyCount "118"]
[EventDate "2016.04.20"]

1. e4 e6 2. d4 d5 3. Nd2 Nc6 4. Ngf3 Nf6 5. e5 Nd7 6. c3 Be7 7. Bd3 O-O 8. Qc2
h6 9. Nf1 Nb6 10. h4 f6 11. Bxh6 f5 12. Bf4 Bd7 13. Ng5 Qe8 14. O-O-O Nd8 15.
b3 c5 16. dxc5 Bxc5 17. Qe2 Rc8 18. Kb1 Nf7 19. Ng3 Be7 20. Qd2 Bd8 21. Kb2 Bc6
22. Rh2 Rc7 23. Rdh1 Rc8 24. Qe2 Rc7 25. Qh5 Nxg5 26. hxg5 Qxh5 27. Rxh5 Kf7
28. Rh7 Ke8 29. Nh5 Rg8 30. Ng3 Nd7 31. Ne2 Nf8 32. R7h3 Ng6 33. Bg3 Bxg5 34.
Nd4 Re7 35. f3 Kf7 36. R3h2 Bf4 37. Bxf4 Nxf4 38. Bf1 Ng6 39. g3 Nxe5 40. Re2
Ng6 41. f4 Rh8 42. Reh2 Rxh2+ 43. Rxh2 Re8 44. Be2 Rh8 45. Rxh8 Nxh8 46. Kc2
Kf6 47. Nf3 Nf7 48. Kd2 g5 49. Bd3 gxf4 50. gxf4 Nd6 51. Ne5 Nf7 52. Nf3 e5 53.
Nxe5 Nxe5 54. fxe5+ Kxe5 55. Ke3 f4+ 56. Ke2 d4 57. cxd4+ Kxd4 58. Bc4 Bd5 59.
Bxd5 Kxd5 0-1

[Event "Russian Championship G13 1st league 2016"]
[Site "Loo"]
[Date "2016.04.23"]
[Round "4.38"]
[White "Ustinovitch, Angelina"]
[Black "Khannanova, Lina"]
[Result "1-0"]
[WhiteElo "1206"]
[BlackElo "1400"]
[PlyCount "61"]
[EventDate "2016.04.20"]

1. e4 c5 2. Nf3 e6 3. d4 cxd4 4. Nxd4 a6 5. Nc3 Qc7 6. Bd3 Nf6 7. O-O Be7 8.
Kh1 b5 9. a3 Bb7 10. f4 d6 11. Qe2 Nbd7 12. Bd2 Rc8 13. Rae1 Nb6 14. Rc1 Nfd7
15. Qg4 Bf6 16. Nb3 Na4 17. Nxa4 bxa4 18. Na5 Nc5 19. b4 Nxe4 20. Qe2 Nxd2 21.
Qxd2 Ke7 22. Qe2 Ra8 23. c4 Rhb8 24. Rc2 Bd4 25. Nxb7 Rxb7 26. Be4 Rbb8 27.
Bxa8 Rxa8 28. Qe4 Qa7 29. Rfc1 Rc8 30. Rd1 Be3 31. c5 1-0

[Event "Russian Championship G13 1st league 2016"]
[Site "Loo"]
[Date "2016.04.23"]
[Round "4.39"]
[White "Pripisnova, Aleksandra"]
[Black "Bronnikova, Ekaterina"]
[Result "1-0"]
[WhiteElo "1263"]
[BlackElo "1360"]
[PlyCount "56"]
[EventDate "2016.04.20"]

1. e4 c5 2. Nf3 e6 3. d4 cxd4 4. Nxd4 a6 5. Nc3 Qc7 6. Be3 Nf6 7. Qf3 Bb4 8.
Bd2 b5 9. a3 Bc5 10. Nb3 Bb6 11. O-O-O Bb7 12. Bf4 Qd8 13. Be3 Bxe3+ 14. Qxe3
Ng4 15. Qg3 Qg5+ 16. Kb1 Qg6 17. f3 Ne3 18. Qc7 Bc6 19. Na5 O-O 20. Nxc6 dxc6
21. Rd8 Qf6 22. Rxf8+ Kxf8 23. Qc8+ Ke7 24. Qb7+ Nd7 25. Qxa8 c5 26. Qxa6 b4
27. axb4 cxb4 28. Na4 Nd1 1-0

[Event "Russian Championship G13 1st league 2016"]
[Site "Loo"]
[Date "2016.04.23"]
[Round "4.41"]
[White "Breus, Anastasia"]
[Black "Bychenok, Kseniya"]
[Result "1/2-1/2"]
[WhiteElo "1403"]
[BlackElo "1334"]
[PlyCount "61"]
[EventDate "2016.04.20"]

1. d4 d5 2. c4 c6 3. e3 a6 4. a4 Nf6 5. Nc3 Bf5 6. Nf3 e6 7. Qb3 Qc8 8. Be2 Bd6
9. O-O Nbd7 10. Bd2 O-O 11. Rfc1 Qb8 12. h3 Ne4 13. Nxe4 Bxe4 14. Be1 Nf6 15.
Nd2 Bg6 16. Bd3 Bxd3 17. Qxd3 e5 18. dxe5 Bxe5 19. Qb3 Rd8 20. Nf3 Bd6 21. Rd1
Qc7 22. Bc3 dxc4 23. Qxc4 Nd5 24. Bd4 Qe7 25. Qb3 Rab8 26. Ba7 Ra8 27. Bd4 Rab8
28. Ba7 Ra8 29. Bd4 Rab8 30. Ba7 Ra8 31. Bd4 1/2-1/2

[Event "Russian Championship G13 2016"]
[Site "Loo"]
[Date "2016.04.23"]
[Round "4.1"]
[White "Garifullina, Leya"]
[Black "Gibadullina, Rajana"]
[Result "1-0"]
[WhiteElo "1897"]
[BlackElo "1569"]
[PlyCount "109"]
[EventDate "2016.04.20"]

1. e4 c5 2. Nf3 Nc6 3. Bb5 Qc7 4. O-O a6 5. Bxc6 Qxc6 6. d4 cxd4 7. Nxd4 Qc7 8.
Nc3 e6 9. Be3 d6 10. Qd2 Nf6 11. f3 Be7 12. Rad1 O-O 13. Nb3 b5 14. Qf2 Rb8 15.
a3 Bd7 16. Rd2 a5 17. Rfd1 Rfc8 18. Bf4 b4 19. axb4 axb4 20. Ne2 Ba4 21. Nec1
e5 22. Be3 Nd7 23. Qg3 Kh8 24. Qh3 Nb6 25. Bxb6 Qxb6+ 26. Kh1 Rc6 27. Qf5 Rc7
28. f4 Rbc8 29. fxe5 dxe5 30. Qxe5 Bf6 31. Qd5 h6 32. Nd3 Bg5 33. Rf2 Rd7 34.
Qf5 Rdc7 35. Ne5 Bf6 36. Nxf7+ Kg8 37. Nxh6+ gxh6 38. Qg6+ Rg7 39. Qxf6 Qxf6
40. Rxf6 Rxc2 41. Nd4 Rxb2 42. Rdf1 Rbxg2 43. Ne6 R7g4 44. Rf8+ Kh7 45. R1f7+
Rg7 46. Rxg7+ Rxg7 47. Nxg7 Kxg7 48. Rb8 b3 49. Kg2 Kf6 50. Rb4 Bc6 51. Rb6 Ke5
52. Rxc6 Kd4 53. Rb6 Kxe4 54. Rxb3 Kf4 55. Rb4+ 1-0

[Event "Russian Championship G13 2016"]
[Site "Loo"]
[Date "2016.04.23"]
[Round "4.2"]
[White "Bodnaruk, Kseniya"]
[Black "Sovina, Maria"]
[Result "1-0"]
[WhiteElo "1591"]
[BlackElo "1605"]
[PlyCount "94"]
[EventDate "2016.04.20"]

1. e4 c5 2. Nf3 Nc6 3. d4 cxd4 4. Nxd4 Qc7 5. Nc3 e6 6. Be2 Nf6 7. Be3 Be7 8.
O-O O-O 9. f4 d6 10. Qe1 Nxd4 11. Bxd4 e5 12. fxe5 dxe5 13. Qg3 Bc5 14. Bxc5
Qxc5+ 15. Kh1 Kh8 16. Rad1 Be6 17. Qh4 Qe7 18. Qg5 Nd5 19. Qxe5 Ne3 20. Nd5 Qc5
21. b4 Qxc2 22. Nxe3 Qxe2 23. Nf5 Bxf5 24. Qxf5 Rae8 25. Rd7 f6 26. Rxb7 Qa6
27. Rc7 Re5 28. Qf2 Rxe4 29. Rxa7 Qb5 30. a3 Rfe8 31. h3 Re3 32. a4 Qb6 33. Ra5
Qb7 34. Kh2 Qc7+ 35. Kg1 Qb7 36. Kh2 Qc7+ 37. Qf4 Qb7 38. Rb5 Qa8 39. a5 R3e4
40. Qf3 Qc6 41. Rb6 Qc7+ 42. Qg3 Qa7 43. Rc1 R4e5 44. Rbc6 h6 45. Rc7 Rg5 46.
Rxa7 Rxg3 47. Kxg3 Kg8 1-0

[Event "Russian Championship G13 2016"]
[Site "Loo"]
[Date "2016.04.23"]
[Round "4.3"]
[White "Stepanyan, Eva"]
[Black "Nasybullina, Dayana"]
[Result "1-0"]
[WhiteElo "1737"]
[BlackElo "1652"]
[PlyCount "55"]
[EventDate "2016.04.20"]

1. e4 e6 2. d4 d5 3. Nd2 dxe4 4. Nxe4 Nd7 5. Bd3 Ngf6 6. Nf3 Nxe4 7. Bxe4 Nf6
8. Bd3 Be7 9. O-O O-O 10. Ne5 c5 11. dxc5 Bxc5 12. Qe2 h6 13. Rd1 Qc7 14. Bf4
Nd5 15. Bg3 Qe7 16. a3 Rd8 17. Qe4 Nf6 18. Qf3 Nd7 19. Nc4 Nf6 20. Bh4 Rd4 21.
Bxf6 Qxf6 22. Qxf6 gxf6 23. b4 Bxb4 24. axb4 e5 25. c3 Rg4 26. Be2 Re4 27. Rd8+
Kg7 28. Bd3 1-0

[Event "Russian Championship G13 2016"]
[Site "Loo"]
[Date "2016.04.23"]
[Round "4.4"]
[White "Zelenskaya, Anastasiya"]
[Black "Bondareva, Daria"]
[Result "1-0"]
[WhiteElo "1610"]
[BlackElo "1601"]
[PlyCount "95"]
[EventDate "2016.04.20"]

1. e4 e6 2. d3 d5 3. Nd2 Nf6 4. Ngf3 c5 5. g3 Nc6 6. Bg2 Be7 7. O-O O-O 8. Re1
b6 9. e5 Ne8 10. Nf1 Bb7 11. h4 Nc7 12. N1h2 Qd7 13. Ng4 d4 14. Ng5 Na5 15. Ne4
Bxe4 16. Bxe4 Nd5 17. Bg5 Nc6 18. Qf3 Bxg5 19. hxg5 Nce7 20. Kg2 Ng6 21. Nf6+
gxf6 22. gxf6 Rfd8 23. Rh1 Qc7 24. Rxh7 Qxe5 25. Rah1 Qxf6 26. Bxd5 Qxf3+ 27.
Bxf3 Rab8 28. g4 a5 29. Be4 Ne7 30. g5 Kf8 31. Rh8+ Ng8 32. Bh7 Ke7 33. Rxg8
Rxg8 34. Bxg8 Rxg8 35. f4 Kd6 36. Kf3 Kd5 37. Rh7 Rf8 38. Kg4 Kd6 39. f5 Ke5
40. f6 b5 41. b3 b4 42. Rh5 Kd6 43. Kf4 Re8 44. Rh7 Rf8 45. g6 fxg6 46. Kg5 Ke5
47. f7 Kd6 48. Kf6 1-0

[Event "Russian Championship G13 2016"]
[Site "Loo"]
[Date "2016.04.23"]
[Round "4.5"]
[White "Shpakivskaya, Alina"]
[Black "Nasyrova, Ekaterina"]
[Result "1-0"]
[WhiteElo "1634"]
[BlackElo "2060"]
[PlyCount "94"]
[EventDate "2016.04.20"]

1. e4 e5 2. Nf3 Nc6 3. d4 exd4 4. Nxd4 Bb4+ 5. Nc3 Nf6 6. Nxc6 bxc6 7. Bd3 O-O
8. O-O d5 9. exd5 cxd5 10. Bg5 c6 11. h3 Be7 12. Qf3 Rb8 13. b3 Re8 14. Na4 Be6
15. Rad1 Qa5 16. Bd2 Qc7 17. Bf4 Bd6 18. Bxd6 Qxd6 19. Nb2 Qc7 20. c4 Rbd8 21.
Bf5 Qe5 22. Bxe6 fxe6 23. Nd3 Qd6 24. cxd5 cxd5 25. Qe3 d4 26. Qe5 Qb6 27. Rfe1
Rd5 28. Qg3 Qa5 29. f4 Rd7 30. Ne5 Rc7 31. Nc4 Qc5 32. Qd3 Rd7 33. Ne5 Rd6 34.
Rc1 Qb4 35. a3 Qb7 36. Nc4 Rd5 37. Re5 Nd7 38. Rxd5 Qxd5 39. Rd1 Nc5 40. Qxd4
Rd8 41. Qxd5 exd5 42. b4 Ne6 43. Ne3 d4 44. Nf5 Nxf4 45. Kf2 Ne6 46. Ne7+ Kf7
47. Nc6 Rd7 1-0

[Event "Russian Championship G13 2016"]
[Site "Loo"]
[Date "2016.04.23"]
[Round "4.6"]
[White "Yakimova, Mariya"]
[Black "Kutyanina, Mariya"]
[Result "1-0"]
[WhiteElo "1631"]
[BlackElo "1809"]
[PlyCount "159"]
[EventDate "2016.04.20"]

1. e4 c5 2. Nc3 d6 3. Nge2 Nf6 4. d4 cxd4 5. Nxd4 a6 6. Bc4 e6 7. Bb3 b5 8. O-O
Be7 9. Qf3 e5 10. Nf5 Bxf5 11. Qxf5 Nc6 12. Nd5 Nd4 13. Nxf6+ Bxf6 14. Qh3 Nxb3
15. Qxb3 O-O 16. a4 Qd7 17. Rd1 Qc6 18. Rd5 h6 19. Be3 Rfb8 20. c3 bxa4 21. Qc2
Qb7 22. Rd2 Be7 23. Rxa4 Qb5 24. f3 Qc6 25. Qd1 Rb5 26. c4 Rb7 27. Qa1 Rab8 28.
Rxa6 Qxc4 29. Ra8 Qb3 30. Kf2 Rb5 31. Ra5 Qe6 32. Ra6 Qc4 33. Ra4 Rb4 34. Ra7
Bg5 35. Bxg5 hxg5 36. Ra3 Qc5+ 37. Kg3 Qb6 38. Rad3 Rd8 39. h3 Rb3 40. Rxb3
Qxb3 41. Qa5 Qb8 42. b4 Rd7 43. b5 Rb7 44. Rd5 Rb6 45. Kg4 f6 46. h4 gxh4 47.
Kxh4 g5+ 48. Kg3 Kg7 49. Kf2 Qb7 50. g4 Kg6 51. Ke3 Qb8 52. Kf2 Rb7 53. Qa6 Rb6
54. Qa5 Qb7 55. Ke3 Kf7 56. Kd3 Ke7 57. Ke3 Qb8 58. Kd3 Kf8 59. Ke3 Ke8 60. Kd3
Ke7 61. Kd2 Rb7 62. Ke2 Qa7 63. Qxa7 Rxa7 64. b6 Ra2+ 65. Rd2 Ra8 66. Kd3 Rb8
67. Rb2 Kd7 68. Kc4 Rb7 69. Kd5 Rb8 70. b7 Kc7 71. Ke6 Re8+ 72. Kf7 Rb8 73. Ke7
Kc6 74. Kxf6 Kc7 75. Ke7 Kc6 76. Rc2+ Kb6 77. Kxd6 Rd8+ 78. Kxe5 Kxb7 79. Kf5
Rf8+ 80. Kxg5 1-0

[Event "Russian Championship G13 2016"]
[Site "Loo"]
[Date "2016.04.23"]
[Round "4.7"]
[White "Sumarokova, Alina"]
[Black "Vorobyova, Ekaterina"]
[Result "0-1"]
[WhiteElo "1780"]
[BlackElo "1625"]
[PlyCount "88"]
[EventDate "2016.04.20"]

1. d4 d5 2. c4 e6 3. cxd5 exd5 4. Nc3 c5 5. Nf3 Nc6 6. Bf4 Nf6 7. e3 a6 8. Bg5
cxd4 9. Nxd4 Be7 10. Be2 O-O 11. O-O h6 12. Bh4 Re8 13. Rc1 Be6 14. Nxe6 fxe6
15. Bd3 Ne5 16. Bb1 Rc8 17. Qb3 b5 18. Ne2 Qb6 19. Rxc8 Rxc8 20. Rc1 Rxc1+ 21.
Nxc1 Nc4 22. Bd3 Nxe3 23. Bxb5 axb5 24. Qxe3 Qxe3 25. fxe3 Bc5 26. Bf2 Ng4 27.
Nd3 Bxe3 28. Bxe3 Nxe3 29. Kf2 Nc4 30. b3 Nb6 31. Ke3 Kf7 32. Kd4 Nd7 33. a4
bxa4 34. bxa4 Ke7 35. a5 Kd6 36. a6 e5+ 37. Kc3 Kc7 38. a7 Kb7 39. Nxe5 Nxe5
40. Kd4 Ng4 41. Kxd5 Nxh2 42. Ke6 Kxa7 43. Kf7 g5 44. Kg6 Ng4 0-1

[Event "Russian Championship G13 2016"]
[Site "Loo"]
[Date "2016.04.23"]
[Round "4.8"]
[White "Ershova, Sofya"]
[Black "Erokhova, Violetta"]
[Result "0-1"]
[WhiteElo "1762"]
[BlackElo "1618"]
[PlyCount "86"]
[EventDate "2016.04.20"]

1. e4 c6 2. d4 d5 3. Nc3 dxe4 4. Nxe4 Nf6 5. Nxf6+ gxf6 6. c3 Bf5 7. Nf3 Qc7 8.
g3 Nd7 9. Bg2 O-O-O 10. Qa4 a6 11. O-O e5 12. Re1 Nb6 13. Qa5 Rd5 14. Qxd5 Nxd5
15. dxe5 fxe5 16. Rxe5 Bd7 17. c4 Bd6 18. Re2 Nb4 19. Be3 Re8 20. Rd2 Bf5 21.
Rad1 Bf8 22. Nh4 Be6 23. a3 Na2 24. Bf1 Bg7 25. Bf4 Qa5 26. Nf3 h6 27. Ra1 Nb4
28. Rad1 Na2 29. Ra1 Nc3 30. Re1 Na4 31. b4 Qh5 32. Rd3 Rd8 33. Rde3 Nb6 34.
Ne5 Bxe5 35. Rxe5 Qg6 36. R5e4 Re8 37. b5 Nd7 38. bxa6 bxa6 39. Bg2 Nc5 40. Rd4
Bd7 41. Rdd1 Qf6 42. Rb1 Rxe1+ 43. Rxe1 Qd4 0-1

[Event "Russian Championship G13 2016"]
[Site "Loo"]
[Date "2016.04.23"]
[Round "4.9"]
[White "Ochirova, Anita"]
[Black "Murzina, Agata"]
[Result "0-1"]
[WhiteElo "1627"]
[BlackElo "1752"]
[PlyCount "82"]
[EventDate "2016.04.20"]

1. e4 d5 2. exd5 Nf6 3. c4 c6 4. Nc3 cxd5 5. d4 Nc6 6. Nf3 Bg4 7. Be3 e6 8. c5
Be7 9. Bb5 O-O 10. h3 Bh5 11. O-O h6 12. Rc1 a6 13. Ba4 Qc7 14. Bxc6 bxc6 15.
b4 Rfb8 16. Rb1 Ne4 17. Nxe4 dxe4 18. g4 exf3 19. gxh5 a5 20. a3 axb4 21. axb4
Qd7 22. Qxf3 Ra4 23. Qg3 Raxb4 24. Rxb4 Rxb4 25. Ra1 Kh7 26. Bd2 Rxd4 27. Bc3
Rd1+ 28. Kh2 Bf8 29. Rxd1 Qxd1 30. Qe3 Qxh5 31. Qe4+ Qf5 32. Qxf5+ exf5 33. Bd4
Kg6 34. Kg3 Kg5 35. Be3+ Kh5 36. Kf4 Kh4 37. Kxf5 Kxh3 38. f4 Kg3 39. Bd4 h5
40. Kg5 h4 41. f5 h3 0-1

[Event "Russian Championship G13 2016"]
[Site "Loo"]
[Date "2016.04.23"]
[Round "4.10"]
[White "Konova, Polina"]
[Black "Mironenko, Galina"]
[Result "0-1"]
[WhiteElo "1385"]
[BlackElo "1731"]
[PlyCount "44"]
[EventDate "2016.04.20"]

1. e4 d6 2. d4 Nf6 3. Nc3 c6 4. Nf3 Bg4 5. h3 Bxf3 6. Qxf3 e5 7. d5 cxd5 8.
exd5 Nbd7 9. Bg5 Be7 10. Bc4 O-O 11. O-O a6 12. Bd3 Nc5 13. Bxf6 Bxf6 14. Be4
g6 15. Rfc1 Bg7 16. a3 f5 17. b4 Nxe4 18. Nxe4 fxe4 19. Qxe4 Qb6 20. Qe2 Rac8
21. c4 Rf4 22. Ra2 Rfxc4 0-1

[Event "Russian Championship G13 2016"]
[Site "Loo"]
[Date "2016.04.23"]
[Round "4.11"]
[White "Deminova, Maria"]
[Black "Dubnikova, Anastasia"]
[Result "1/2-1/2"]
[WhiteElo "1541"]
[BlackElo "1686"]
[PlyCount "57"]
[EventDate "2016.04.20"]

1. e4 c5 2. Nf3 a6 3. d4 cxd4 4. Nxd4 Nf6 5. Nc3 e5 6. Nb3 Bb4 7. Bd2 O-O 8.
Bd3 Bxc3 9. Bxc3 d5 10. Bxe5 Re8 11. Bxf6 Qxf6 12. c3 dxe4 13. Bc2 Qg6 14. O-O
Nc6 15. f3 Bf5 16. fxe4 Bxe4 17. Bxe4 Rxe4 18. Nc5 Rg4 19. Qe2 b6 20. Nxa6 Re4
21. Qb5 Rae8 22. Qf5 Re2 23. Qxg6 hxg6 24. b3 Rc2 25. Rfc1 Rb2 26. Rcb1 Rc2 27.
Rc1 Rb2 28. Rcb1 Rc2 29. Rc1 1/2-1/2

[Event "Russian Championship G13 2016"]
[Site "Loo"]
[Date "2016.04.23"]
[Round "4.12"]
[White "Tereshechkina, Taisiya"]
[Black "Bandurina, Sofiya"]
[Result "1-0"]
[WhiteElo "1679"]
[BlackElo "1558"]
[PlyCount "115"]
[EventDate "2016.04.20"]

1. d4 Nf6 2. g3 g6 3. Bg2 Bg7 4. Nf3 O-O 5. O-O d6 6. c4 Nbd7 7. Nc3 e5 8. h3
Ne8 9. Be3 Qe7 10. Nd5 Qd8 11. Qc2 c6 12. Nc3 f5 13. Rad1 Qe7 14. b4 e4 15. Nd2
g5 16. Nb3 f4 17. Bc1 f3 18. exf3 exf3 19. Bh1 Nb6 20. Ne4 Bf5 21. Rde1 d5 22.
cxd5 cxd5 23. Qc5 Qxc5 24. Nexc5 Bxh3 25. Bxg5 Bxf1 26. Kxf1 Bf6 27. Bf4 Ng7
28. Bxf3 Rfe8 29. a4 Rxe1+ 30. Kxe1 Re8+ 31. Kd2 Nf5 32. Kd3 Ne7 33. a5 Nbc8
34. Nxb7 Kg7 35. b5 Ng6 36. Be3 Nge7 37. Bg4 h6 38. Bd7 Rf8 39. N3c5 Kh7 40.
Ne6 Rg8 41. Bf4 Bg5 42. Bc7 Bf6 43. Nd6 Nxd6 44. Bxd6 Nc8 45. Bc5 Be7 46. Bxc8
Bxc5 47. dxc5 Rxc8 48. c6 a6 49. b6 Rxc6 50. b7 Rxe6 51. b8=Q Rf6 52. Qa7+ Kg6
53. Qb7 Rf3+ 54. Ke2 Rf6 55. Qxd5 Rf5 56. Qd3 Kg5 57. Qxa6 Re5+ 58. Kf1 1-0

[Event "Russian Championship G13 2016"]
[Site "Loo"]
[Date "2016.04.23"]
[Round "4.13"]
[White "Baiburina, Kamilla"]
[Black "Baisheva, Nyurguiaana"]
[Result "1-0"]
[WhiteElo "1841"]
[BlackElo "1603"]
[PlyCount "92"]
[EventDate "2016.04.20"]

1. e4 c5 2. Nf3 d6 3. c3 Nf6 4. Be2 g6 5. O-O Bg7 6. Bb5+ Bd7 7. Bxd7+ Nbxd7 8.
Re1 O-O 9. d4 cxd4 10. cxd4 d5 11. e5 Ne4 12. Nc3 Nxc3 13. bxc3 Nb6 14. Rb1 Rc8
15. Qb3 Qc7 16. Bd2 Rfd8 17. Rec1 Rd7 18. Bf4 e6 19. Qd1 Nc4 20. Nd2 Qa5 21.
Rb3 Na3 22. h4 Rdc7 23. Qf3 Nb5 24. Rcb1 Nxc3 25. R1b2 Na4 26. Rb1 Nb6 27. Ra3
Na4 28. Qb3 b5 29. Qxb5 Qxb5 30. Rxb5 Nc3 31. Rxc3 Rxc3 32. Nb3 Bf8 33. Ra5 Ra8
34. Bd2 Rc4 35. Ra6 Bb4 36. Bg5 Rc7 37. g3 Rb8 38. Bc1 Rb6 39. Rxb6 axb6 40. a3
Be7 41. Bd2 Bxa3 42. g4 Rc2 43. Bh6 Rc3 44. Nd2 Rd3 45. Be3 Bc1 46. Nf1 Bb2 1-0

[Event "Russian Championship G13 2016"]
[Site "Loo"]
[Date "2016.04.23"]
[Round "4.14"]
[White "Komendrovskaya, Olga"]
[Black "Davydova, Kira"]
[Result "1-0"]
[WhiteElo "1557"]
[BlackElo "1762"]
[PlyCount "109"]
[EventDate "2016.04.20"]

1. e4 e6 2. d4 d5 3. Nc3 Nf6 4. e5 Nfd7 5. Nf3 c5 6. dxc5 Nc6 7. Bf4 Nxc5 8.
Bd3 Nxd3+ 9. cxd3 Be7 10. O-O O-O 11. d4 f6 12. Re1 fxe5 13. Bxe5 Nxe5 14. Rxe5
Bd6 15. Re2 Qf6 16. Qd3 Qh6 17. Ne5 Qf4 18. Qe3 Qh4 19. Rae1 Rf5 20. g3 Qd8 21.
Qd2 a6 22. f4 b5 23. Nf3 Be7 24. Re3 Ra7 25. Rc1 Rc7 26. Nd1 Rc4 27. b3 Rxc1
28. Qxc1 Bd7 29. Ne5 Bf6 30. Nxd7 Qxd7 31. Rd3 Bd8 32. Ne3 Rf8 33. Rc3 Bb6 34.
Qd1 a5 35. Ng4 Qa7 36. Rd3 Rc8 37. Kf2 Qe7 38. Ne5 Qa3 39. Rd2 Rc1 40. Qe2 Qb4
41. Nf3 Rc6 42. Kg2 h6 43. Rc2 Rd6 44. Rc8+ Kf7 45. Ne5+ Kf6 46. Rf8+ Ke7 47.
Ng6+ Kd7 48. Ne5+ Kc7 49. Qc2+ Bc5 50. dxc5 Ra6 51. Rf7+ Kb8 52. Qh7 Qe4+ 53.
Qxe4 dxe4 54. c6 Kc8 55. Kf2 1-0

[Event "Russian Championship G13 2016"]
[Site "Loo"]
[Date "2016.04.23"]
[Round "4.15"]
[White "Slesareva, Miraslava"]
[Black "Lintsova, Liliya"]
[Result "1/2-1/2"]
[WhiteElo "1711"]
[BlackElo "1557"]
[PlyCount "84"]
[EventDate "2016.04.20"]

1. d4 Nf6 2. Nf3 c5 3. c4 g6 4. Nc3 Bg7 5. g3 O-O 6. Bg2 d6 7. O-O Na6 8. Re1
Nc7 9. e4 Nd7 10. Be3 Rb8 11. Qe2 a6 12. Rad1 Qe8 13. a4 b6 14. h4 Bb7 15. d5
Ba8 16. Nh2 h6 17. f4 Kh7 18. Bh3 Bxc3 19. bxc3 b5 20. cxb5 axb5 21. a5 b4 22.
cxb4 Rxb4 23. Bd2 Ra4 24. Bc3 Nf6 25. Bg2 Nb5 26. Bxf6 exf6 27. Qb2 Nd4 28. Ra1
Rb4 29. Qc1 Qd7 30. Rb1 Rfb8 31. Rxb4 Rxb4 32. Nf3 Nxf3+ 33. Bxf3 Qb5 34. a6
Qxa6 35. Qc3 Rd4 36. Bg2 Qd3 37. Qa5 Qxg3 38. Ra1 Rxe4 39. Qd2 Rd4 40. Qe2 Bxd5
41. Ra7 Rd1+ 42. Qf1 Qxg2# 1/2-1/2

[Event "Russian Championship G13 2016"]
[Site "Loo"]
[Date "2016.04.23"]
[Round "4.16"]
[White "Zyapaeva, Polina"]
[Black "Dashina, Sofiia"]
[Result "1/2-1/2"]
[WhiteElo "1650"]
[BlackElo "1534"]
[PlyCount "98"]
[EventDate "2016.04.20"]

1. e4 e5 2. Nf3 Nc6 3. Bb5 Nf6 4. d3 d6 5. c3 Bd7 6. Ba4 g6 7. Bg5 Bg7 8. Nbd2
O-O 9. Nf1 Qe8 10. Bc2 Nh5 11. Qd2 f5 12. exf5 gxf5 13. O-O-O b5 14. Ne3 Be6
15. Nf1 Na5 16. Kb1 c5 17. Bh6 Nb7 18. Bxg7 Kxg7 19. Ng3 Nf4 20. Ne2 Nxe2 21.
Qxe2 a5 22. Qd2 h6 23. Rde1 b4 24. Kc1 Qf7 25. c4 a4 26. Bb1 Na5 27. Kd1 Nc6
28. Ke2 Qh5 29. Kf1 a3 30. b3 Rg8 31. Qe3 Kh7 32. h3 Kh8 33. Rh2 Na5 34. Qe2
Nc6 35. Qe3 Rae8 36. g4 Qg6 37. Nh4 Qg5 38. Ng2 Qxe3 39. fxe3 fxg4 40. hxg4
Ref8+ 41. Kg1 Kg7 42. Rh4 Rf6 43. Rf1 Rgf8 44. Rxf6 Rxf6 45. Bc2 Na5 46. Bd1
Kg6 47. Rh3 Kg5 48. Rh5+ Kg6 49. Rh3 Kg5 1/2-1/2